[Event "Hastings Weekend op-B"]
[Site "Hastings"]
[Date "2024.01.07"]
[Round "4"]
[White "Ellson, Louie"]
[Black "Kelly, Paul J"]
[Result "1/2-1/2"]
[WhiteElo "1704"]
[BlackElo "1821"]
[PlyCount "210"]
[EventDate "2024.01.06"]
[EventType "swiss"]
[EventRounds "5"]
[EventCountry "ENG"]
[SourceTitle "CBM 218 Extra"]
[Source "ChessBase"]
[SourceDate "2024.03.31"]
[SourceVersion "1"]
[SourceVersionDate "2024.03.31"]
[SourceQuality "1"]

1. d4 d6 2. c4 Nd7 3. Nf3 g6 4. Nc3 Bg7 5. Bg5 h6 6. Bh4 c5 7. e3 Ngf6 8. Qc2 g5 9. Bg3 Nh5 10. Bd3 a6 11. d5 Rb8 12. Rd1 Nf8 13. 0-0 Bg4 14. h3 Bxf3 15. gxf3 Nxg3 16. fxg3 Qc8 17. Kg2 Nd7 18. f4 gxf4 19. gxf4 Nf6 20. Kh2 h5 21. Bf5 Qd8 22. Rg1 Kf8 23. Ne4 Nxe4 24. Bxe4 b5 25. Qg2 Bf6 26. Bh7 Ke8 27. Bf5 Kf8 28. b3 bxc4 29. bxc4 Rb2 30. Rd2 Rxd2 31. Qxd2 Qb6 32. Rb1 Qa7 33. Qa5 Kg7 34. Rb6 Rb8 35. Rxa6 Rb2+ 36. Kg3 Qb8 37. Ra8 Qb4 38. Qxb4 cxb4 39. Kf3 b3 40. a4 Bh4 41. Bd3 Ra2 42. a5 b2 43. Rb8 Bf6 44. Rb5 Bc3 45. Rb3 Bf6 46. Rb5 Ra3 47. Ke4 Kh6 48. Bc2 Bg7 49. Bb1 Kg6 50. Kf3+ f5 51. Ke2 h4 52. Bd3 Bf6 53. Bb1 Ra4 54. Bd3 Ra3 55. Bb1 Ra1 56. Bd3 Ra4 57. Kf3 Ra2 58. Bb1 Ra1 59. Bd3 Bc3 60. Rb3 Bxa5 61. Rxb2 Kf6 62. Rh2 Bb6 63. Rb2 Bc5 64. Rb8 Ra3 65. Ke2 Ra2+ 66. Kf3 Rd2 67. Be2 Rc2 68. Bd3 Rh2 69. Rf8+ Kg7 70. Rxf5 Rxh3+ 71. Kg2 Rxe3 72. Rg5+ Kh6 73. Rg6+ Kh5 74. Rg5+ Kh6 75. Rg6+ Kh7 76. Bf5 h3+ 77. Kh2 Kh8 78. Rg3 Re1 79. Rxh3+ Kg7 80. Rh7+ Kf6 81. Be6 Re4 82. Rf7+ Kg6 83. f5+ Kg5 84. Rxe7 Rxc4 85. Rg7+ Kh6 86. Rg6+ Kh5 87. Kg2 Bd4 88. Kf3 Be5 89. Rg8 Rf4+ 90. Ke3 Rf1 91. Kd3 Kh6 92. Kc4 Rf3 93. Kb5 Rc3 94. Rg6+ Kh7 95. Bg8+ Kh8 96. Be6 Rf3 97. Kc6 Rf2 98. Kd7 Kh7 99. Ke7 Ra2 100. Bd7 Ra5 101. Rxd6 Bxd6+ 102. Kxd6 Kg7 103. Be6 Kf6 104. Kc7 Rxd5 105. Bxd5 Kxf5 1/2-1/2

[Event "WLS-ch 62nd"]
[Site "Cardiff"]
[Date "2016.03.28"]
[Round "7"]
[White "Kelly, Paul J"]
[Black "Bevan, Peter M"]
[Result "1/2-1/2"]
[WhiteElo "1857"]
[BlackElo "1999"]
[PlyCount "95"]
[EventDate "2016.03.25"]
[EventType "swiss"]
[EventRounds "7"]
[EventCountry "WLS"]
[SourceTitle "CBM 171 Extra"]
[Source "ChessBase"]
[SourceDate "2016.04.26"]
[SourceVersion "1"]
[SourceVersionDate "2016.04.26"]
[SourceQuality "1"]

1. e4 c5 2. Nc3 Nc6 3. f4 g6 4. Nf3 Bg7 5. Bb5 Nd4 6. 0-0 Nxb5 7. Nxb5 d6 8. Nc3 Nf6 9. d3 0-0 10. Qe1 e6 11. Qh4 Nh5 12. g4 Qxh4 13. Nxh4 Nf6 14. h3 Ne8 15. f5 Bf6 16. g5 Bxc3 17. bxc3 exf5 18. exf5 Ng7 19. f6 Nf5 20. Nxf5 Bxf5 21. h4 Rfe8 22. Bf4 Re6 23. Rfe1 Rae8 24. Kf2 d5 25. Rxe6 Rxe6 26. Re1 Rxe1 27. Kxe1 c4 28. Kd2 Kf8 29. Ke3 Ke8 30. Kd4 Kd7 31. Kxd5 cxd3 32. cxd3 Bxd3 33. Be3 a6 34. Bb6 Bf1 35. c4 Bg2+ 36. Kc5 Ke6 37. Ba5 Bf1 38. a3 b5 39. Kb6 Bxc4 40. Bb4 Kf5 41. Kxa6 Kg4 42. Kb6 Kxh4 43. Bd2 Kg4 44. Kc5 Be2 45. Kd6 Kf5 46. Ke7 Bc4 47. Kf8 Ke4 48. Kg7 1/2-1/2

[Event "WLS-ch 62nd"]
[Site "Cardiff"]
[Date "2016.03.25"]
[Round "1"]
[White "Kelly, Paul J"]
[Black "Hatchett, Paul"]
[Result "0-1"]
[WhiteElo "1857"]
[BlackElo "1987"]
[PlyCount "54"]
[EventDate "2016.03.25"]
[EventType "swiss"]
[EventRounds "7"]
[EventCountry "WLS"]
[SourceTitle "CBM 171 Extra"]
[Source "ChessBase"]
[SourceDate "2016.04.26"]
[SourceVersion "1"]
[SourceVersionDate "2016.04.26"]
[SourceQuality "1"]

1. e4 Nc6 2. d4 e5 3. d5 Nce7 4. g3 Nf6 5. Bg2 Ng6 6. h4 h5 7. Ne2 Bc5 8. Nbc3 Ng4 9. Rf1 Nxh4 10. Bh1 Ng6 11. Na4 Be7 12. f3 Nh6 13. Be3 h4 14. Qd2 d6 15. 0-0-0 f5 16. Nac3 hxg3 17. Bxh6 Rxh6 18. f4 Nxf4 19. Nxf4 exf4 20. exf5 Bxf5 21. Rde1 g5 22. Ne2 Rh2 23. Rxf4 gxf4 24. Qxf4 Bg5 25. Nxg3+ Kf7 26. Rf1 Bxf4+ 27. Rxf4 Qg5 0-1

[Event "WLS-ch 62nd"]
[Site "Cardiff"]
[Date "2016.03.25"]
[Round "2"]
[White "Waterfield, John"]
[Black "Kelly, Paul J"]
[Result "1-0"]
[WhiteElo "1912"]
[BlackElo "1857"]
[PlyCount "114"]
[EventDate "2016.03.25"]
[EventType "swiss"]
[EventRounds "7"]
[EventCountry "WLS"]
[SourceTitle "CBM 171 Extra"]
[Source "ChessBase"]
[SourceDate "2016.04.26"]
[SourceVersion "1"]
[SourceVersionDate "2016.04.26"]
[SourceQuality "1"]

1. e4 c5 2. Nf3 Nc6 3. d4 cxd4 4. Nxd4 g6 5. Nc3 Bg7 6. Be3 Nf6 7. Be2 0-0 8. Nb3 a5 9. a4 Nb4 10. Bf3 d6 11. 0-0 Nd7 12. Be2 Nf6 13. f4 d5 14. e5 Ne8 15. Bf3 e6 16. Bc5 b6 17. Bxf8 Bxf8 18. Nb5 Ba6 19. Rf2 Rc8 20. Rd2 Ng7 21. c3 Nc6 22. c4 Bxb5 23. axb5 Nb4 24. cxd5 exd5 25. Bxd5 Qe8 26. Rc1 Rxc1 27. Qxc1 Qxb5 28. Qc4 Qd7 29. Bf3 Qa7 30. Qb5 Qc7 31. Be4 Ne6 32. Rd7 Qc8 33. Ra7 Nxf4 34. Ra8 Qg4 35. Bf3 Qf5 36. Qe8 Qb1+ 37. Kf2 Nbd3+ 38. Ke3 Qe1+ 39. Kd4 Qb4+ 40. Ke3 Qe1+ 41. Kd4 Qf2+ 42. Ke4 Qe1+ 43. Kd4 Qb4+ 44. Ke3 a4 45. Nd4 Kg7 46. Qxf8+ Qxf8 47. Rxf8 Kxf8 48. g3 Nxb2 49. gxf4 Nc4+ 50. Kd3 Na5 51. Bd5 a3 52. Kc3 Ke7 53. Kb4 f5 54. Kxa3 g5 55. Nxf5+ Kf8 56. e6 gxf4 57. e7+ Ke8 1-0

[Event "South Wales New Year op"]
[Site "Penarth"]
[Date "2016.01.10"]
[Round "4"]
[White "Kelly, Paul J"]
[Black "Van Kemenade, Rudy"]
[Result "0-1"]
[WhiteElo "1851"]
[BlackElo "1964"]
[PlyCount "120"]
[EventDate "2016.01.08"]
[EventType "swiss"]
[EventRounds "5"]
[EventCountry "WLS"]
[SourceTitle "EXT 2024"]
[Source "ChessBase"]
[SourceDate "2023.10.10"]
[SourceVersion "1"]
[SourceVersionDate "2023.10.10"]
[SourceQuality "1"]

1. e4 d6 2. d4 Nf6 3. Nc3 e5 4. Nf3 Nbd7 5. h3 Be7 6. Be3 h6 7. a3 c6 8. dxe5 dxe5 9. Nd2 b5 10. Nb3 a5 11. Be2 a4 12. Nc1 Nc5 13. Qxd8+ Kxd8 14. Bf3 Kc7 15. 0-0 Rd8 16. N1e2 Be6 17. Rfd1 Bc4 18. Kf1 Ne6 19. Ke1 Bc5 20. Bxc5 Nxc5 21. Ng3 g6 22. Be2 Be6 23. f3 Rd4 24. Rxd4 exd4 25. Nd1 h5 26. h4 Nfd7 27. Nf2 Ne5 28. Rd1 Rd8 29. Nd3 Ncxd3+ 30. cxd3 Kd6 31. Rc1 c5 32. f4 Nd7 33. e5+ Ke7 34. Bf3 Rc8 35. Ne4 c4 36. Nd6 Rc5 37. Nb7 Rc7 38. Na5 Nc5 39. Be2 cxd3 40. Bf3 Kd7 41. Kd2 Bc4 42. g4 Ra7 43. Rxc4 bxc4 44. Nxc4 hxg4 45. Bxg4+ Ke7 46. f5 Ne4+ 47. Ke1 Rc7 48. f6+ Kf8 49. Nd2 Rc1+ 50. Bd1 Nc3 51. bxc3 dxc3 52. Nc4 c2 53. Ne3 cxd1Q+ 54. Nxd1 Ra1 55. Kd2 Rxa3 56. Ne3 Ra2+ 57. Kc3 Rh2 58. Nc4 Rxh4 59. Kxd3 a3 60. e6 Rxc4 0-1

[Event "South Wales New Year op"]
[Site "Penarth"]
[Date "2016.01.09"]
[Round "3"]
[White "Sivarajasingam, Venetia"]
[Black "Kelly, Paul J"]
[Result "0-1"]
[WhiteElo "1556"]
[BlackElo "1851"]
[PlyCount "90"]
[EventDate "2016.01.08"]
[EventType "swiss"]
[EventRounds "5"]
[EventCountry "WLS"]
[SourceTitle "EXT 2024"]
[Source "ChessBase"]
[SourceDate "2023.10.10"]
[SourceVersion "1"]
[SourceVersionDate "2023.10.10"]
[SourceQuality "1"]

1. e4 e6 2. d4 d5 3. e5 c5 4. c3 Nc6 5. Nf3 Bd7 6. Be2 Rc8 7. 0-0 Nh6 8. Bg5 Qb6 9. Qd2 cxd4 10. cxd4 Nf5 11. Be3 h5 12. Nc3 Na5 13. Rab1 Nc4 14. Qd3 Be7 15. b3 Na3 16. Rbc1 0-0 17. Qd1 Bb4 18. Qd2 Qa5 19. Qb2 Rxc3 20. Bd2 Rxc1 21. Rxc1 Bb5 22. Bd1 Bxd2 23. Nxd2 Qb4 24. Bxh5 Nxd4 25. Rc7 Be2 26. f3 Qb6 27. Rc1 Nxb3+ 28. Kh1 Nxc1 29. Qxc1 Qd4 30. h3 Nc4 31. Nxc4 Bxc4 32. f4 Bxa2 33. Qc7 Qxf4 34. Qxb7 Qxe5 35. Bf3 Qe3 36. Qb2 Bc4 37. Qc2 Rb8 38. Kh2 Qe5+ 39. Kg1 Rb2 40. Qc1 g6 41. Kh1 Kg7 42. Qa1 Ba2 43. Bd1 Qc3 44. Kh2 Rxg2+ 45. Kxg2 Qxa1 0-1

[Event "London Classic CSC op U2000 7th"]
[Site "London"]
[Date "2015.12.05"]
[Round "3"]
[White "Kelly, Paul J"]
[Black "Peters, Alexander John"]
[Result "0-1"]
[WhiteElo "1877"]
[BlackElo "1960"]
[PlyCount "102"]
[EventDate "2015.12.04"]
[EventType "swiss"]
[EventRounds "5"]
[EventCountry "ENG"]
[SourceTitle "CBM 169 Extra"]
[Source "ChessBase"]
[SourceDate "2015.12.18"]
[SourceVersion "1"]
[SourceVersionDate "2015.12.18"]
[SourceQuality "1"]

1. e4 Nf6 2. e5 Nd5 3. d4 d6 4. Nf3 Bg4 5. Be2 Nc6 6. c4 Nb6 7. 0-0 dxe5 8. dxe5 Qxd1 9. Rxd1 Nxe5 10. Bf4 Bxf3 11. gxf3 Nbd7 12. Rd4 f6 13. Nc3 c6 14. Rd2 g5 15. Bg3 h5 16. h3 0-0-0 17. Rad1 Bh6 18. b4 f5 19. Bxe5 Nxe5 20. b5 Rxd2 21. Rxd2 g4 22. f4 Bxf4 23. Rd4 Ng6 24. bxc6 bxc6 25. c5 Be5 26. Ba6+ Kc7 27. Rd3 Nf4 28. Re3 Nxh3+ 29. Kf1 Bf6 30. Ne2 e5 31. Rb3 Rb8 32. Rxb8 Kxb8 33. Ng3 Bh4 34. Nxf5 Bxf2 35. Ne7 Kc7 36. Bd3 Bxc5 37. Ng6 Nf4 38. Bf5 Nxg6 39. Bxg6 h4 40. Bf5 g3 41. Bh3 Bd4 42. Ke2 Kd6 43. Kf3 Kd5 44. Kg4 Bf2 45. Bg2+ Kd4 46. Bxc6 e4 47. Kh3 e3 48. Bb5 Kc3 49. Kg2 Kd2 50. Kf3 h3 51. a4 g2 0-1

[Event "WLS-ch 60th"]
[Site "Cardiff"]
[Date "2014.04.20"]
[Round "5"]
[White "Kelly, Paul J"]
[Black "Young, Alan J"]
[Result "1-0"]
[WhiteElo "1906"]
[BlackElo "2043"]
[PlyCount "67"]
[EventDate "2014.04.18"]
[EventType "swiss"]
[EventRounds "7"]
[EventCountry "WLS"]
[SourceTitle "CBM 160 Extra"]
[Source "ChessBase"]
[SourceDate "2014.07.01"]
[SourceVersion "1"]
[SourceVersionDate "2014.07.01"]
[SourceQuality "1"]

1. e4 e5 2. Bc4 Nf6 3. Nc3 Nc6 4. d3 Na5 5. Bb5 a6 6. Ba4 b5 7. Bb3 Nxb3 8. axb3 Bb7 9. f4 d6 10. Nf3 exf4 11. Bxf4 Be7 12. 0-0 0-0 13. h3 c5 14. Qd2 b4 15. Nd1 Ne8 16. Ne3 Bf6 17. Nc4 a5 18. Bg5 Bxg5 19. Qxg5 f6 20. Qg3 d5 21. exd5 Bxd5 22. Qf2 Bxc4 23. dxc4 Qb6 24. Rfd1 Nd6 25. Qd2 Rad8 26. Qd5+ Kh8 27. Qh5 Rde8 28. Nh4 Kg8 29. Rd5 Ne4 30. Qg4 Ng5 31. Nf5 Re4 32. Qg3 g6 33. Qd6 Qb7 34. Qxf8+ 1-0

[Event "WLS-ch 60th"]
[Site "Cardiff"]
[Date "2014.04.18"]
[Round "1"]
[White "Kelly, Paul J"]
[Black "Jameson, David"]
[Result "1/2-1/2"]
[WhiteElo "1906"]
[BlackElo "2101"]
[PlyCount "145"]
[EventDate "2014.04.18"]
[EventType "swiss"]
[EventRounds "7"]
[EventCountry "WLS"]
[SourceTitle "CBM 160 Extra"]
[Source "ChessBase"]
[SourceDate "2014.07.01"]
[SourceVersion "1"]
[SourceVersionDate "2014.07.01"]
[SourceQuality "1"]

1. g3 d5 2. Bg2 Nf6 3. f4 g6 4. Nf3 c5 5. c3 Nc6 6. d4 cxd4 7. cxd4 Bg7 8. 0-0 0-0 9. e3 Bf5 10. a3 Rc8 11. Nc3 Ne4 12. Nxe4 Bxe4 13. Bh3 Rc7 14. Ng5 Bf5 15. Bxf5 gxf5 16. Qd3 h6 17. Nf3 e6 18. Bd2 Qd7 19. Rfc1 Rfc8 20. Kh1 Ne7 21. Rxc7 Rxc7 22. Rc1 Rxc1+ 23. Bxc1 Qc6 24. Bd2 Nc8 25. Ne5 Bxe5 26. fxe5 Nb6 27. b3 Nc4 28. a4 Nb6 29. Ba5 Nd7 30. Bd8 a6 31. Kg2 Qc1 32. Be7 Kg7 33. Kh3 Qb2 34. Bd6 Nf8 35. b4 Nh7 36. Be7 Ng5+ 37. Bxg5 hxg5 38. g4 fxg4+ 39. Kxg4 Qg2+ 40. Kh5 Qxh2+ 41. Kxg5 Qg3+ 42. Kh5 Qg6+ 43. Qxg6+ fxg6+ 44. Kg5 b6 45. b5 a5 46. e4 dxe4 47. Kf4 g5+ 48. Kxe4 Kg6 49. d5 exd5+ 50. Kxd5 Kf7 51. Kc6 Ke6 52. Kxb6 g4 53. Ka6 g3 54. b6 g2 55. b7 g1Q 56. b8Q Qd4 57. Kxa5 Qc3+ 58. Ka6 Qc4+ 59. Qb5 Qc8+ 60. Kb6 Qd8+ 61. Kb7 Qe7+ 62. Ka6 Qf8 63. Ka7 Qe7+ 64. Qb7 Qa3 65. Qb5 Qe7+ 66. Ka6 Qf8 67. Qa5 Qa8+ 68. Kb6 Qd8+ 69. Kb5 Qd5+ 70. Ka6 Qa8+ 71. Kb6 Qd8+ 72. Kb5 Qd5+ 73. Kb4 1/2-1/2

[Event "WLS-ch 60th"]
[Site "Cardiff"]
[Date "2014.04.18"]
[Round "2"]
[White "Ralphs, Nigel"]
[Black "Kelly, Paul J"]
[Result "1/2-1/2"]
[WhiteElo "1936"]
[BlackElo "1906"]
[PlyCount "120"]
[EventDate "2014.04.18"]
[EventType "swiss"]
[EventRounds "7"]
[EventCountry "WLS"]
[SourceTitle "CBM 160 Extra"]
[Source "ChessBase"]
[SourceDate "2014.07.01"]
[SourceVersion "1"]
[SourceVersionDate "2014.07.01"]
[SourceQuality "1"]

1. d4 g6 2. e4 Bg7 3. Nc3 c5 4. d5 a6 5. a4 e5 6. Nf3 d6 7. Be2 Nd7 8. 0-0 Ne7 9. Nd2 f5 10. Nc4 Nf6 11. f3 f4 12. a5 g5 13. Rb1 Ng6 14. b4 cxb4 15. Rxb4 Qc7 16. Rb6 Bf8 17. Ba3 Nd7 18. Bxd6 Bxd6 19. Rxd6 Rb8 20. Kh1 b5 21. axb6 Nxb6 22. Rc6 Qd8 23. Qb1 Nd7 24. Qxb8 Nxb8 25. Rxc8 Qxc8 26. Nd6+ Ke7 27. Nxc8+ Rxc8 28. Rb1 Rxc3 29. Rxb8 Rxc2 30. Bf1 Rc1 31. Kg1 a5 32. Ra8 Ra1 33. Ra6 a4 34. Kf2 Ra2+ 35. Be2 Kd8 36. d6 Nh4 37. Ra8+ Kd7 38. Rxa4 Rb2 39. Ra7+ Kxd6 40. Rxh7 Nxg2 41. Kxg2 Rxe2+ 42. Kh3 Ke6 43. Rh6+ Kf7 44. Kg4 Kg7 45. Re6 Rxh2 46. Kxg5 Rh3 47. Rxe5 Rxf3 48. Rf5 Rg3+ 49. Kxf4 Ra3 50. Rb5 Kf6 51. Rb6+ Ke7 52. Kf5 Rh3 53. Rb7+ Ke8 54. e5 Rh6 55. Ra7 Rb6 56. Rg7 Ra6 57. Rg6 Rxg6 58. Kxg6 Ke7 59. Kf5 Kf7 60. e6+ Ke8 1/2-1/2

[Event "WLS-ch"]
[Site "Cardiff"]
[Date "2013.04.01"]
[Round "7"]
[White "Kelly, Paul J"]
[Black "Young, Alan J"]
[Result "1-0"]
[WhiteElo "1927"]
[BlackElo "2063"]
[PlyCount "83"]
[EventDate "2013.03.29"]
[EventType "swiss"]
[EventRounds "7"]
[EventCountry "WLS"]
[SourceTitle "EXT 2014"]
[Source "ChessBase"]
[SourceDate "2013.11.20"]
[SourceVersion "1"]
[SourceVersionDate "2013.11.20"]
[SourceQuality "1"]

1. e4 e5 2. Nf3 Nc6 3. Bb5 a6 4. Ba4 Nf6 5. 0-0 b5 6. Bb3 Bc5 7. d3 d6 8. c3 h6 9. Nbd2 0-0 10. a4 Rb8 11. h3 b4 12. a5 Be6 13. Bc2 Ba7 14. Re1 Re8 15. Ba4 Bd7 16. Nf1 bxc3 17. bxc3 Ne7 18. Ng3 Bxa4 19. Qxa4 Qd7 20. Qa2 Qb5 21. Be3 Bxe3 22. Rxe3 c5 23. c4 Qb3 24. Qd2 Rb4 25. Re2 Reb8 26. Nh4 Ra4 27. Rxa4 Qxa4 28. Ngf5 Nxf5 29. Nxf5 Kh7 30. Nxd6 Qd7 31. Nf5 Rb3 32. Qe3 Rxd3 33. Qxc5 Rd1+ 34. Kh2 Qd3 35. Qf8 Nh5 36. Ne7 Nf6 37. Re3 Qf1 38. Rf3 Qh1+ 39. Kg3 Nxe4+ 40. Kh4 g5+ 41. Kh5 Qxh3+ 42. gxh3 1-0

[Event "Gibraltar Challengers-A 9th"]
[Site "Caleta"]
[Date "2011.01.26"]
[Round "3"]
[White "Kelly, Paul J"]
[Black "Phillips, Owen S"]
[Result "0-1"]
[WhiteElo "1712"]
[BlackElo "1992"]
[PlyCount "84"]
[EventDate "2011.01.24"]
[EventType "swiss"]
[EventRounds "5"]
[EventCountry "GGB"]
[SourceTitle "CBM 140 Extra"]
[Source "ChessBase"]
[SourceDate "2011.03.01"]
[SourceVersion "1"]
[SourceVersionDate "2011.03.01"]
[SourceQuality "1"]

1. Nf3 e6 2. c4 f5 3. g3 Nf6 4. Bg2 Be7 5. Nc3 0-0 6. 0-0 d6 7. d4 a5 8. Qd3 Nc6 9. e4 Nb4 10. Qe2 fxe4 11. Nxe4 Nxe4 12. Qxe4 e5 13. Ne1 exd4 14. Qxd4 Bf6 15. Qd1 Be6 16. a3 Bxc4 17. axb4 Bxf1 18. Kxf1 axb4 19. Rxa8 Qxa8 20. Qd5+ Kh8 21. Qxb7 Qa1 22. Qxc7 Bd4 23. Nd3 Qa6 24. Be4 Rc8 25. Qd7 Rxc1+ 26. Kg2 Qc8 27. Qxd6 Bc5 28. Qd5 Bf8 29. Nxc1 Qxc1 30. Qf7 Qc8 31. Bd5 Bc5 32. Qh5 Bd4 33. Be4 g6 34. Qh4 Qf8 35. f3 Bf6 36. Qf4 Qd8 37. b3 Qd4 38. h4 Qb2+ 39. Kh3 Qa1 40. Qb8+ Kg7 41. Qb7+ Kh6 42. f4 Qd4 0-1

[Event "Hastings Masters op 86th"]
[Site "Hastings"]
[Date "2010.12.31"]
[Round "4"]
[White "Pooley, Mark"]
[Black "Kelly, Paul J"]
[Result "0-1"]
[WhiteElo "1778"]
[BlackElo "1946"]
[PlyCount "76"]
[EventDate "2010.12.28"]
[EventType "swiss"]
[EventRounds "9"]
[EventCountry "ENG"]
[SourceTitle "CBM 140 Extra"]
[Source "ChessBase"]
[SourceDate "2011.03.01"]
[SourceVersion "1"]
[SourceVersionDate "2011.03.01"]
[SourceQuality "1"]

1. g3 g5 2. Bg2 Bg7 3. d3 h6 4. e4 e6 5. Nc3 Ne7 6. f4 gxf4 7. Bxf4 Ng6 8. Nge2 d6 9. Bd2 Nc6 10. 0-0 Bd7 11. a3 Qe7 12. b4 0-0-0 13. Rb1 Rdg8 14. Be3 Kb8 15. d4 e5 16. d5 Nd8 17. b5 h5 18. Rb4 h4 19. Qd2 Rh7 20. Bf3 hxg3 21. Nxg3 Nf4 22. Bg2 Qh4 23. Bxf4 Qxh2+ 24. Kf2 exf4 25. Qxf4 Be5 26. Qxe5 dxe5 27. Nce2 Bh3 28. Rg1 Rh6 29. Rb3 Rf6+ 30. Ke1 Bxg2 31. Kd1 Bf3 32. Rh1 Bxh1 33. Nf5 Bxe4 34. Ne7 Bxc2+ 35. Kxc2 Qxe2+ 36. Kc3 Rg3+ 37. Kb4 Rf4+ 38. Ka5 b6+ 0-1

[Event "Hastings Masters op 86th"]
[Site "Hastings"]
[Date "2010.12.30"]
[Round "3"]
[White "Kelly, Paul J"]
[Black "Cafferty, Bernard"]
[Result "0-1"]
[WhiteElo "1946"]
[BlackElo "2133"]
[PlyCount "96"]
[EventDate "2010.12.28"]
[EventType "swiss"]
[EventRounds "9"]
[EventCountry "ENG"]
[SourceTitle "CBM 140 Extra"]
[Source "ChessBase"]
[SourceDate "2011.03.01"]
[SourceVersion "1"]
[SourceVersionDate "2011.03.01"]
[SourceQuality "1"]

1. a3 d5 2. b4 Bf5 3. Nf3 e6 4. Bb2 Nd7 5. e3 Ngf6 6. d4 a5 7. b5 Nb6 8. a4 Ne4 9. c3 Be7 10. Nbd2 0-0 11. Nxe4 Bxe4 12. Nd2 Bg6 13. Ba3 Bxa3 14. Rxa3 Qd6 15. Ra1 c5 16. Be2 Rfc8 17. 0-0 cxd4 18. cxd4 Bc2 19. Qc1 Qb4 20. Nf3 Nxa4 21. Qa3 Nc3 22. Rfe1 Qxa3 23. Rxa3 Nxe2+ 24. Rxe2 a4 25. h3 Ra5 26. Ne1 Bb3 27. Nd3 b6 28. Rb2 Rxb5 29. Kh2 f6 30. Kg3 Kf7 31. h4 Rc3 32. Nf4 Ra5 33. Ne2 Rc4 34. Kf4 e5+ 35. Kg3 Rc2 36. Rxc2 Bxc2 37. Rc3 a3 38. Rc7+ Ke6 39. Nc3 a2 40. Nxa2 Rxa2 41. Rc6+ Kf5 42. Rxb6 exd4 43. exd4 Ra4 44. Kh3 Rxd4 45. Rb7 Kg6 46. h5+ Kh6 47. g4 Bd1 48. g5+ fxg5 0-1